00586cam a2200193 a 450000500170000000800410001701000140005802000260007203500130009803700130011104000080012410000150013224500770014726000510022427000480027530000230032350000230034650000230036920091107113722.0000504s2000 nik 000 0 eng d aENG-95380 a9788131306000c695.00 aEN-78913 bDBAD/PUB aDPL arIAR, c.s. a Food Grain product Technology and Quality Characteristicscby C.D. Gosr aNew DelhibA.P.H. Publishing Corporationc2009 a4435-36/7, Ansari Road ,bNew Delhie110002 a202p. c22 cm.(Hb) aBibliography ref.  aBibliography ref.